[Event "Leiden SB-ch 1819"]
[Site "Leiden"]
[Date "2019.02.15"]
[Round "5"]
[White "Hilarius, Sander"]
[Black "Plug, Arjan JH"]
[Result "1/2-1/2"]
[WhiteElo "1874"]
[BlackElo "1830"]
[PlyCount "38"]
[EventDate "2018.10.19"]
[EventType "swiss"]
[EventRounds "9"]
[EventCountry "NED"]
[SourceTitle "EXT 2023"]
[Source "ChessBase"]
[SourceDate "2022.10.05"]
[SourceVersion "1"]
[SourceVersionDate "2022.10.05"]
[SourceQuality "1"]

1. d4 Nf6 2. c4 Nc6 3. Nf3 e6 4. a3 g6 5. Nc3 Bg7 6. e4 d6 7. h3 0-0 8. Be3 Re8 9. Be2 e5 10. d5 Nd4 11. Nxd4 exd4 12. Bxd4 Nxe4 13. Bxg7 Kxg7 14. Qd4+ Qf6 15. Qxf6+ Kxf6 16. Nxe4+ Rxe4 17. Kd2 Bd7 18. Bd3 Re7 19. g4 Rae8 1/2-1/2

[Event "Leiden LCT op-B 09th"]
[Site "Leiden"]
[Date "2015.07.19"]
[Round "3"]
[White "Noordijk, Ed"]
[Black "Hilarius, Sander"]
[Result "1/2-1/2"]
[WhiteElo "1859"]
[BlackElo "1935"]
[PlyCount "29"]
[EventDate "2015.07.17"]
[EventType "swiss"]
[EventRounds "9"]
[EventCountry "NED"]
[SourceTitle "EXT 2023"]
[Source "ChessBase"]
[SourceDate "2022.10.05"]
[SourceVersion "1"]
[SourceVersionDate "2022.10.05"]
[SourceQuality "1"]

1. e4 c5 2. Nf3 Nc6 3. d3 g6 4. Nbd2 Bg7 5. Be2 Nf6 6. 0-0 0-0 7. c3 Qc7 8. Qc2 d5 9. Re1 Rd8 10. Nf1 c4 11. Ng3 cxd3 12. Bxd3 dxe4 13. Nxe4 Nxe4 14. Bxe4 Be6 15. Ng5 1/2-1/2

[Event "Liechtenstein op 32nd"]
[Site "Triesen"]
[Date "2014.05.30"]
[Round "8"]
[White "Hilarius, Sander"]
[Black "Sucher, Johannes"]
[Result "0-1"]
[WhiteElo "2007"]
[BlackElo "2185"]
[PlyCount "80"]
[EventDate "2014.05.23"]
[EventType "swiss"]
[EventRounds "9"]
[EventCountry "LIE"]
[SourceTitle "CBM 160 Extra"]
[Source "ChessBase"]
[SourceDate "2014.07.01"]
[SourceVersion "1"]
[SourceVersionDate "2014.07.01"]
[SourceQuality "1"]

1. d4 d5 2. Nf3 Nf6 3. c4 c6 4. Nc3 e6 5. e3 Nbd7 6. Qc2 Be7 7. b3 0-0 8. Bd3 dxc4 9. bxc4 Qa5 10. 0-0 e5 11. Bd2 Qc7 12. d5 Nc5 13. e4 Bg4 14. Ne1 Rad8 15. Rc1 Nxd3 16. Qxd3 Nd7 17. Na4 f5 18. f3 fxe4 19. fxe4 Rxf1+ 20. Qxf1 Nb6 21. Nc3 Bc5+ 22. Kh1 Rf8 23. Qd3 Ba3 24. Rb1 cxd5 25. cxd5 Qc4 26. h3 Rf1+ 27. Kh2 Bc8 28. Qg3 Qd4 29. Qe3 Nc4 30. Qe2 Nxd2 31. Rd1 Qg1+ 32. Kg3 Bc5 33. Nd3 Rxd1 34. Nxd1 Nf1+ 35. Kf3 Bd4 36. N1f2 Ne3 37. Ng4 Bxg4+ 38. hxg4 Qd1 39. Qxd1 Nxd1 40. Nb4 Nc3 0-1

[Event "Leiden SB-ch"]
[Site "Leiden"]
[Date "2010.06.01"]
[Round "3"]
[White "Wagemans, Ed"]
[Black "Hilarius, Sander"]
[Result "1-0"]
[WhiteElo "1933"]
[BlackElo "1815"]
[PlyCount "85"]
[EventDate "2010.05.18"]
[EventType "swiss"]
[EventRounds "7"]
[EventCountry "NED"]
[SourceTitle "EXT 2012"]
[Source "ChessBase"]
[SourceDate "2011.11.24"]
[SourceVersion "1"]
[SourceVersionDate "2011.11.24"]
[SourceQuality "1"]

1. e4 e5 2. Nf3 Nc6 3. Bb5 a6 4. Ba4 d6 5. d4 b5 6. Bb3 Nxd4 7. Nxd4 exd4 8. Bd5 Rb8 9. Qxd4 Nf6 10. 0-0 Be7 11. b4 Nxd5 12. exd5 0-0 13. Nc3 Bf6 14. Qd3 Qd7 15. Rb1 Re8 16. Ne4 Be7 17. Bb2 Qf5 18. Rbe1 Qg6 19. Re3 Bf5 20. Rfe1 Bf8 21. Qd4 Rxe4 22. Rxe4 Bxe4 23. Rxe4 f5 24. Re6 Re8 25. Rxe8 Qxe8 26. Kf1 Qf7 27. c4 Be7 28. Qd3 bxc4 29. Qxc4 Bf6 30. Bc1 g5 31. h3 Kg7 32. b5 axb5 33. Qxb5 Qe7 34. Qe2 Qd7 35. Qc4 h6 36. a4 Qe7 37. Qe2 Be5 38. a5 c5 39. dxc6 Qc7 40. Qb5 Bd4 41. Qb7 Qxb7 42. cxb7 Ba7 43. Be3 1-0